| 000 | 00342nam a22001457a 4500 | ||
|---|---|---|---|
| 020 | _a9788126549085 | ||
| 082 |
_a697.93 _bDIN/RE |
||
| 100 |
_aDincer,Ibrahim _9791 |
||
| 100 |
_aKanoglu,Mehmet _9792 |
||
| 245 | _aRefrigeration Systems and Applications | ||
| 250 | _a2 nd | ||
| 260 |
_aNew Delhi _bWiley _c2014 |
||
| 300 | _a464 | ||
| 942 | _cBK | ||
| 999 |
_c14468 _d14468 |
||